Tribhuvan University Central Library

Introduction to C++ Programming and graphics (Record no. 96144)

MARC details
000 -LEADER
fixed length control field 00399nam a22001457a 4500
008 - FIXED-LENGTH DATA ELEMENTS--GENERAL INFORMATION
fixed length control field 200319b xxu||||| |||| 00| 0 eng d
020 ## - INTERNATIONAL STANDARD BOOK NUMBER
International Standard Book Number 978-81-8489-860-6
082 ## - DEWEY DECIMAL CLASSIFICATION NUMBER
Classification number 005/P879i
100 ## - MAIN ENTRY--PERSONAL NAME
Personal name Pozrikidis, C
245 ## - TITLE STATEMENT
Title Introduction to C++ Programming and graphics
260 ## - PUBLICATION, DISTRIBUTION, ETC.
Place of publication, distribution, etc. New York:
Name of publisher, distributor, etc. Springer,
Date of publication, distribution, etc. 2011
300 ## - PHYSICAL DESCRIPTION
Other physical details viii,372p.;illus.
650 ## - SUBJECT ADDED ENTRY--TOPICAL TERM
Topical term or geographic name entry element Computer programming
942 ## - ADDED ENTRY ELEMENTS (KOHA)
Source of classification or shelving scheme Dewey Decimal Classification
Koha item type General Collections
Holdings
Withdrawn status Lost status Source of classification or shelving scheme Damaged status Not for loan Home library Current library Shelving location Date acquired Total Checkouts Full call number Barcode Date last seen Price effective from Koha item type
    Dewey Decimal Classification     Tribhuvan University Central Library Tribhuvan University Central Library New Building 03/19/2020   005/P879i 162832 03/19/2020 03/19/2020 General Collections
    Dewey Decimal Classification     Tribhuvan University Central Library Tribhuvan University Central Library New Building 03/19/2020   005/P879i 162833 03/19/2020 03/19/2020 General Collections